[Event "Liga Madrileña - DH 2017-2018"]
[Site "Madrid ESP"]
[Date "2018.02.04"]
[Round "8.12"]
[White "Rubio Mejia, Luis Ignacio"]
[Black "Vallejo Diaz, Jesus"]
[Result "1/2-1/2"]
[WhiteElo "2447"]
[BlackElo "2246"]
[PlyCount "86"]
[EventDate "2017.11.19"]
[EventType "team-tourn"]
[EventRounds "14"]
[EventCountry "ESP"]
[SourceTitle "Ajedrez en Madrid"]
[Source "lmi"]
[SourceDate "2017.11.19"]
[WhiteTeam "Virgen de Atocha"]
[BlackTeam "Alcorcon"]
[WhiteTeamCountry "ESP"]
[BlackTeamCountry "ESP"]

1. d4 Nf6 2. c4 e6 3. Nf3 Bb4+ 4. Bd2 Qe7 5. g3 b6 6. Bg2 Bb7 7. O-O Bxd2 8.
Qxd2 d6 9. Nc3 O-O 10. Qf4 c5 11. Rfd1 Rd8 12. Rd2 Nc6 13. d5 exd5 14. cxd5 Nb8
15. Nh4 g6 16. Qg5 Kh8 17. e4 Nbd7 18. f4 Ng8 19. Qxe7 Nxe7 20. Re1 g5 21. fxg5
Ne5 22. Nf5 N7g6 23. b3 a6 24. h4 b5 25. Rf1 Bc8 26. Nh6 Ra7 27. Rdf2 Kg7 28.
Rf6 Rc7 29. Nf5+ Bxf5 30. exf5 Ne7 31. Ne4 Nc8 32. g6 hxg6 33. fxg6 Nxg6 34.
Bh3 Re7 35. Ng5 Ne5 36. Bxc8 Rxc8 37. Rxd6 c4 38. bxc4 bxc4 39. Rdf6 c3 40. d6
Rd7 41. R6f2 Rxd6 42. Nxf7 Nxf7 43. Rxf7+ Kg6 1/2-1/2

[Event "Liga Madrileña - DH 2017-2018"]
[Site "Madrid ESP"]
[Date "2018.02.04"]
[Round "8.13"]
[White "Aguilera Lopez, Alejandro"]
[Black "Plazuelo Pascual, Juan"]
[Result "0-1"]
[WhiteElo "2104"]
[BlackElo "2340"]
[PlyCount "64"]
[EventDate "2017.11.19"]
[EventType "team-tourn"]
[EventRounds "14"]
[EventCountry "ESP"]
[SourceTitle "Ajedrez en Madrid"]
[Source "lmi"]
[SourceDate "2017.11.19"]
[WhiteTeam "Alcorcon"]
[BlackTeam "Virgen de Atocha"]
[WhiteTeamCountry "ESP"]
[BlackTeamCountry "ESP"]

1. d4 Nf6 2. Nf3 b6 3. g3 Bb7 4. Bg2 g6 5. O-O Bg7 6. c4 O-O 7. b3 c5 8. e3
cxd4 9. exd4 d5 10. Bb2 Nc6 11. Nbd2 dxc4 12. bxc4 e6 13. Re1 Rc8 14. Qa4 Na5
15. Rad1 Bc6 16. Qb4 Re8 17. Ne5 Bxg2 18. Kxg2 Qc7 19. Qa4 Red8 20. Bc3 Nc6 21.
Nef3 Ne8 22. Nb1 Ne7 23. Na3 Qb7 24. Bb4 Nc6 25. d5 exd5 26. Rxd5 Nf6 27. Rxd8+
Rxd8 28. Nb5 Nxb4 29. Qxb4 Rd3 30. Re3 Rxe3 31. fxe3 Ng4 32. Na3 Nxe3+ 0-1

[Event "Liga Madrileña - DH 2017-2018"]
[Site "Madrid ESP"]
[Date "2018.02.04"]
[Round "8.14"]
[White "Dominguez Fernandez, Angel I"]
[Black "Ramos del Campo, Alexander"]
[Result "1/2-1/2"]
[WhiteElo "2234"]
[BlackElo "2168"]
[PlyCount "48"]
[EventDate "2017.11.19"]
[EventType "team-tourn"]
[EventRounds "14"]
[EventCountry "ESP"]
[SourceTitle "Ajedrez en Madrid"]
[Source "lmi"]
[SourceDate "2017.11.19"]
[WhiteTeam "Virgen de Atocha"]
[BlackTeam "Alcorcon"]
[WhiteTeamCountry "ESP"]
[BlackTeamCountry "ESP"]

1. e4 c5 2. c3 Nf6 3. e5 Nd5 4. d4 cxd4 5. Nf3 d6 6. cxd4 Nc6 7. Bc4 dxe5 8.
dxe5 Nb6 9. Qxd8+ Nxd8 10. Bb5+ Nc6 11. Nc3 g6 12. Be3 Bg7 13. Bxb6 axb6 14.
Nd5 Ra7 15. Nxb6 Bg4 16. Nd4 Bxe5 17. Nxc6 bxc6 18. Bxc6+ Kf8 19. Nc4 Bf6 20.
a4 Be6 21. Rc1 Rc7 22. Bb5 Bxb2 23. Rc2 Bd4 24. Ke2 Kg7 1/2-1/2

[Event "Liga Madrileña - DH 2017-2018"]
[Site "Madrid ESP"]
[Date "2018.02.04"]
[Round "8.15"]
[White "Angelina Vela, Carlos"]
[Black "Vazquez Torres, Adrian"]
[Result "1/2-1/2"]
[WhiteElo "2114"]
[BlackElo "2174"]
[PlyCount "51"]
[EventDate "2017.11.19"]
[EventType "team-tourn"]
[EventRounds "14"]
[EventCountry "ESP"]
[SourceTitle "Ajedrez en Madrid"]
[Source "lmi"]
[SourceDate "2017.11.19"]
[WhiteTeam "Alcorcon"]
[BlackTeam "Virgen de Atocha"]
[WhiteTeamCountry "ESP"]
[BlackTeamCountry "ESP"]

1. d4 Nf6 2. Nf3 d6 3. g3 g6 4. Bg2 Bg7 5. O-O O-O 6. b3 Nbd7 7. Bb2 c6 8. c4
Re8 9. Nc3 Qc7 10. e4 Nf8 11. h3 N6d7 12. Qd2 a6 13. Rac1 e5 14. d5 c5 15. Ne1
Nf6 16. Nd3 Qe7 17. a4 Rb8 18. Rce1 N8d7 19. f4 Nh5 20. Kh2 exf4 21. gxf4 Qh4
22. Qf2 Qxf2 23. Rxf2 Bf6 24. Rff1 Bh4 25. Re3 Ng7 26. Re2 1/2-1/2

[Event "Liga Madrileña - DH 2017-2018"]
[Site "Madrid ESP"]
[Date "2018.02.04"]
[Round "8.16"]
[White "Rodrigo Yanguas, Maria"]
[Black "Prada Lopez, Miguel Angel"]
[Result "1/2-1/2"]
[WhiteElo "2058"]
[BlackElo "2077"]
[PlyCount "109"]
[EventDate "2017.11.19"]
[EventType "team-tourn"]
[EventRounds "14"]
[EventCountry "ESP"]
[SourceTitle "Ajedrez en Madrid"]
[Source "lmi"]
[SourceDate "2017.11.19"]
[WhiteTeam "Virgen de Atocha"]
[BlackTeam "Alcorcon"]
[WhiteTeamCountry "ESP"]
[BlackTeamCountry "ESP"]

1. e4 c5 2. c3 d5 3. exd5 Qxd5 4. d4 Nf6 5. Nf3 e6 6. Be2 Be7 7. O-O O-O 8. Na3
cxd4 9. Nb5 Qd8 10. Nbxd4 a6 11. Bf4 Nbd7 12. h3 Qb6 13. Qb3 Nd5 14. Bh2 Nc5
15. Qxb6 Nxb6 16. Ne5 Nca4 17. Nd3 f6 18. Bd1 e5 19. Bb3+ Kh8 20. Rfe1 Nxb2 21.
Nxb2 Ba3 22. Nd3 exd4 23. cxd4 Bf5 24. Nc5 Bxc5 25. dxc5 Nd7 26. Bd6 Rfd8 27.
Re7 h5 28. Bd1 Rac8 29. Bxh5 Nxc5 30. Bf4 b5 31. g4 Bd3 32. g5 fxg5 33. Be5 Rg8
34. Bf7 Rgd8 35. Rc1 Ne4 36. Rxc8 Rxc8 37. Be6 Rc1+ 38. Kg2 Nf6 39. Bb2 Re1 40.
Ba3 Bc4 41. Bc8 Rxe7 42. Bxe7 Bxa2 43. Bxa6 Nd5 44. Bxg5 b4 45. Bc1 Nb6 46. Bb5
Bd5+ 47. Kg3 b3 48. Kf4 Bc4 49. Bc6 Be6 50. Ke5 Bxh3 51. Kd4 Be6 52. Kc3 Kg8
53. Be3 Nd5+ 54. Bxd5 Bxd5 55. Kb2 1/2-1/2

[Event "Liga Madrileña - DH 2017-2018"]
[Site "Madrid ESP"]
[Date "2018.02.04"]
[Round "8.21"]
[White "Valles Moreno, Ivan"]
[Black "Bolado Saez, Sergio"]
[Result "1-0"]
[WhiteElo "2422"]
[BlackElo "2370"]
[PlyCount "129"]
[EventDate "2017.11.19"]
[EventType "team-tourn"]
[EventRounds "14"]
[EventCountry "ESP"]
[SourceTitle "Ajedrez en Madrid"]
[Source "lmi"]
[SourceDate "2017.11.19"]
[WhiteTeam "Liberty Chess"]
[BlackTeam "Blanco y Negro"]
[WhiteTeamCountry "ESP"]
[BlackTeamCountry "ESP"]

1. e4 c5 2. Nf3 d6 3. d4 cxd4 4. Nxd4 Nf6 5. Nc3 a6 6. Bg5 Nbd7 7. f4 h6 8.
Bxf6 Nxf6 9. e5 dxe5 10. fxe5 Ng4 11. e6 Bxe6 12. Nxe6 Qxd1+ 13. Rxd1 fxe6 14.
Be2 Ne5 15. Ne4 Rc8 16. c4 g6 17. c5 Bg7 18. Rf1 Rd8 19. b4 Rxd1+ 20. Kxd1 Kd7
21. a4 Kc7 22. Kc2 Rd8 23. Rd1 Rf8 24. Rf1 Rf5 25. Kb3 Rxf1 26. Bxf1 Kc6 27.
Bc4 Ng4 28. Bxe6 Nxh2 29. Kc4 Nf1 30. b5+ axb5+ 31. axb5+ Kc7 32. b6+ Kb8 33.
Kb5 Ne3 34. c6 bxc6+ 35. Kxc6 Bd4 36. g3 Nf5 37. g4 Nd6 38. Nd2 h5 39. g5 Be3
40. Nf3 Nb7 41. Bd5 Kc8 42. Be4 Nd8+ 43. Kb5 Nf7 44. Ka6 Kb8 45. Bxg6 Nxg5 46.
Ne5 Bf4 47. Nc6+ Kc8 48. Be8 Bb8 49. Bd7+ Kxd7 50. Nxb8+ Kd6 51. b7 Ne6 52. Nd7
Nc7+ 53. Ka5 Kxd7 54. b8=Q Nd5 55. Kb5 Nf6 56. Kc5 Ke6 57. Qb3+ Kf5 58. Qf3+
Kg6 59. Kc6 e5 60. Kd6 Ng4 61. Ke6 Kg5 62. Qf5+ Kh4 63. Qg6 e4 64. Qxe4 Kg3 65.
Qd3+ 1-0

[Event "Liga Madrileña - DH 2017-2018"]
[Site "Madrid ESP"]
[Date "2018.02.04"]
[Round "8.22"]
[White "Taboas Rodriguez, Daniel"]
[Black "Fernandez Garcia, Miguel Angel"]
[Result "1-0"]
[WhiteElo "2367"]
[BlackElo "2301"]
[PlyCount "130"]
[EventDate "2017.11.19"]
[EventType "team-tourn"]
[EventRounds "14"]
[EventCountry "ESP"]
[SourceTitle "Ajedrez en Madrid"]
[Source "lmi"]
[SourceDate "2017.11.19"]
[WhiteTeam "Blanco y Negro"]
[BlackTeam "Liberty Chess"]
[WhiteTeamCountry "ESP"]
[BlackTeamCountry "ESP"]

1. d4 d5 2. Nf3 c6 3. c4 Nf6 4. cxd5 cxd5 5. Nc3 g6 6. Bf4 a6 7. e3 Bg7 8. Bd3
O-O 9. O-O b5 10. a4 b4 11. Na2 Nc6 12. Rc1 Qb6 13. Ne5 Bb7 14. Nxc6 Bxc6 15.
Nxb4 Qxb4 16. Rxc6 Qxb2 17. Bxa6 Ne4 18. Qc1 Qb4 19. Bb5 f6 20. Bc7 Rxa4 21.
Bxa4 Qxa4 22. Qc2 Qa8 23. Rc1 Re8 24. Bf4 Kf7 25. Rc8 Rxc8 26. Qxc8 Qa2 27. Qc2
Qxc2 28. Rxc2 g5 29. Bc7 f5 30. f3 Nf6 31. Be5 Ne8 32. Bxg7 Kxg7 33. Kf2 Kf7
34. Rc5 Nf6 35. Rc7 Ke6 36. Ra7 h6 37. Ke2 Ne8 38. Ra8 Kf7 39. Rd8 Nf6 40. Kd3
g4 41. Ke2 e6 42. Kf2 Nh5 43. Ra8 Kg7 44. fxg4 fxg4 45. e4 dxe4 46. Ke3 Nf6 47.
Kf4 Kg6 48. Ra3 Nd5+ 49. Kxe4 Kf6 50. Ra1 Ne7 51. Rf1+ Nf5 52. Rxf5+ exf5+ 53.
Kf4 h5 54. g3 Ke6 55. d5+ Kf6 56. d6 Ke6 57. d7 Kxd7 58. Kxf5 h4 59. Kxg4 hxg3
60. hxg3 Ke6 61. Kg5 Kf7 62. Kh6 Kg8 63. g4 Kh8 64. g5 Kg8 65. Kg6 Kf8 1-0

[Event "Liga Madrileña - DH 2017-2018"]
[Site "Madrid ESP"]
[Date "2018.02.04"]
[Round "8.23"]
[White "Moreno Ibañez, Miguel"]
[Black "Renteria Becerra, Jorge Elicer"]
[Result "0-1"]
[WhiteElo "2270"]
[BlackElo "2273"]
[PlyCount "62"]
[EventDate "2017.11.19"]
[EventType "team-tourn"]
[EventRounds "14"]
[EventCountry "ESP"]
[SourceTitle "Ajedrez en Madrid"]
[Source "lmi"]
[SourceDate "2017.11.19"]
[WhiteTeam "Liberty Chess"]
[BlackTeam "Blanco y Negro"]
[WhiteTeamCountry "ESP"]
[BlackTeamCountry "ESP"]

1. e4 c5 2. Nf3 d6 3. d4 cxd4 4. Nxd4 Nf6 5. Nc3 a6 6. Be2 e5 7. Nb3 Be7 8. Bg5
Be6 9. Bxf6 Bxf6 10. Qd3 O-O 11. O-O-O Qb6 12. Rhf1 Rd8 13. g3 Nc6 14. Nd5 Bxd5
15. exd5 Nb4 16. Qe4 Rac8 17. Rd2 Bg5 18. f4 exf4 19. h4 Re8 20. Qf5 Bf6 21.
Bd1 a5 22. Rxf4 a4 23. a3 Na2+ 24. Kb1 axb3 25. cxb3 Qe3 26. Rc2 Nc3+ 27. bxc3
Rxc3 28. Ra4 Rxb3+ 29. Ka2 Qb6 30. Qf2 Qb5 31. Re4 Rxa3+ 0-1

[Event "Liga Madrileña - DH 2017-2018"]
[Site "Madrid ESP"]
[Date "2018.02.04"]
[Round "8.24"]
[White "Alarcia Astiz, Carlos"]
[Black "Sanchez Gonzalez, Sergio"]
[Result "1/2-1/2"]
[WhiteElo "2275"]
[BlackElo "2290"]
[PlyCount "70"]
[EventDate "2017.11.19"]
[EventType "team-tourn"]
[EventRounds "14"]
[EventCountry "ESP"]
[SourceTitle "Ajedrez en Madrid"]
[Source "lmi"]
[SourceDate "2017.11.19"]
[WhiteTeam "Blanco y Negro"]
[BlackTeam "Liberty Chess"]
[WhiteTeamCountry "ESP"]
[BlackTeamCountry "ESP"]

1. e4 c5 2. Nf3 e6 3. d4 cxd4 4. Nxd4 Nf6 5. Nc3 d6 6. f4 a6 7. Bd3 Qc7 8. Nf3
Nc6 9. O-O b5 10. a3 Be7 11. Qe1 Bb7 12. Kh1 Na5 13. e5 Nd7 14. exd6 Bxd6 15.
f5 e5 16. Be4 O-O-O 17. Nd5 Bxd5 18. Bxd5 Nf6 19. Bxf7 Qxf7 20. Qxa5 Kb7 21. a4
Qc4 22. Nd2 Qb4 23. Qxb4 Bxb4 24. c3 Bc5 25. axb5 axb5 26. Nb3 Bb6 27. Bg5 Rd6
28. Bxf6 gxf6 29. Rad1 Rhd8 30. Rxd6 Rxd6 31. g3 Rd3 32. Kg2 Kc6 33. Rf3 Rd1
34. Rf1 Rd3 35. Rf3 Rd1 1/2-1/2

[Event "Liga Madrileña - DH 2017-2018"]
[Site "Madrid ESP"]
[Date "2018.02.04"]
[Round "8.25"]
[White "Suarez Triguero, Jose Alfonso"]
[Black "Shen, Yue"]
[Result "0-1"]
[WhiteElo "2058"]
[BlackElo "2281"]
[PlyCount "96"]
[EventDate "2017.11.19"]
[EventType "team-tourn"]
[EventRounds "14"]
[EventCountry "ESP"]
[SourceTitle "Ajedrez en Madrid"]
[Source "lmi"]
[SourceDate "2017.11.19"]
[WhiteTeam "Liberty Chess"]
[BlackTeam "Blanco y Negro"]
[WhiteTeamCountry "ESP"]
[BlackTeamCountry "ESP"]

1. e4 c5 2. c4 Nc6 3. Ne2 Qb6 4. Nec3 e6 5. Be2 d6 6. Na3 Bd7 7. Nc2 Nf6 8. Rb1
a5 9. O-O Nd4 10. Re1 Bc6 11. Bf1 Be7 12. d3 h6 13. Bd2 O-O 14. Nxd4 cxd4 15.
Nd5 exd5 16. exd5 Qc7 17. dxc6 bxc6 18. g3 d5 19. Bg2 dxc4 20. Rc1 Ra6 21. Rxc4
c5 22. Qf3 Re8 23. Bf4 Qd7 24. Qd1 Bf8 25. Rxe8 Qxe8 26. Bf3 Nd7 27. Qa4 Qe6
28. Qc2 g5 29. Bd2 Ne5 30. Bd1 Nxc4 31. dxc4 a4 32. Qd3 Qg6 33. Bc2 Qxd3 34.
Bxd3 Be7 35. Kf1 Kg7 36. Ke2 g4 37. Bf5 Rb6 38. Bc1 Bg5 39. Kd1 Bxc1 40. Kxc1
Rf6 41. Bd7 a3 42. bxa3 Rxf2 43. Kb1 Kf8 44. Bxg4 Ke7 45. h3 Rg2 46. a4 Rxg3
47. Kb2 Kd6 48. a5 Kc7 0-1

[Event "Liga Madrileña - DH 2017-2018"]
[Site "Madrid ESP"]
[Date "2018.02.04"]
[Round "8.31"]
[White "Suarez Uriel, Adrian"]
[Black "Vazquez Igarza, Renier"]
[Result "1-0"]
[WhiteElo "2403"]
[BlackElo "2572"]
[PlyCount "79"]
[EventDate "2017.11.19"]
[EventType "team-tourn"]
[EventRounds "14"]
[EventCountry "ESP"]
[SourceTitle "Ajedrez en Madrid"]
[Source "lmi"]
[SourceDate "2017.11.19"]
[WhiteTeam "La Casa del Ajedrez"]
[BlackTeam "Collado Villalba"]
[WhiteTeamCountry "ESP"]
[BlackTeamCountry "ESP"]

1. e4 e5 2. Nf3 Nc6 3. Bc4 Bc5 4. O-O d6 5. c3 Nf6 6. d4 Bb6 7. dxe5 dxe5 8.
Qe2 Qe7 9. a4 Bg4 10. h3 Be6 11. Bb5 Bd7 12. Na3 a6 13. Bd3 Nh5 14. Kh2 Nf4 15.
Bxf4 exf4 16. Nc4 g5 17. Nxb6 cxb6 18. Nd4 Ne5 19. Nf5 Qf6 20. f3 Rd8 21. Bc2
O-O 22. Rfd1 Be6 23. Rxd8 Rxd8 24. Rd1 h5 25. Rd4 Rxd4 26. cxd4 Bxf5 27. exf5
Nc6 28. d5 Ne5 29. Qe4 Qd6 30. h4 gxh4 31. Qd4 Nd7 32. Be4 Qc5 33. Qxc5 Nxc5
34. f6 Nd7 35. d6 Kf8 36. Bxb7 Ke8 37. Bxa6 Nxf6 38. Bb5+ Kd8 39. Bc6 Nh7 40.
b4 1-0

[Event "Liga Madrileña - DH 2017-2018"]
[Site "Madrid ESP"]
[Date "2018.02.04"]
[Round "8.32"]
[White "Gascon del Nogal, Jose Rafael"]
[Black "Candela Perez, Jose"]
[Result "1-0"]
[WhiteElo "2477"]
[BlackElo "2355"]
[PlyCount "81"]
[EventDate "2017.11.19"]
[EventType "team-tourn"]
[EventRounds "14"]
[EventCountry "ESP"]
[SourceTitle "Ajedrez en Madrid"]
[Source "lmi"]
[SourceDate "2017.11.19"]
[WhiteTeam "Collado Villalba"]
[BlackTeam "La Casa del Ajedrez"]
[WhiteTeamCountry "ESP"]
[BlackTeamCountry "ESP"]

1. e4 e5 2. Nf3 Nc6 3. Bc4 Bc5 4. O-O Nf6 5. d3 d6 6. c3 a6 7. a4 O-O 8. h3 Ba7
9. Nbd2 Ne7 10. Re1 Ng6 11. d4 exd4 12. cxd4 d5 13. exd5 Nxd5 14. Qb3 Nb6 15.
Bd3 Nf4 16. Bb1 Nbd5 17. Ne4 Rb8 18. Bxf4 Nxf4 19. Neg5 Ne6 20. Bxh7+ Kh8 21.
Nxe6 Bxe6 22. Qd3 Qf6 23. Be4 Rfd8 24. Rad1 Bxd4 25. Nxd4 c5 26. Qg3 cxd4 27.
Rd3 b5 28. Rf3 Qh6 29. Bd3 Kg8 30. axb5 axb5 31. Rf4 Bc4 32. Rh4 Qf6 33. Ree4
Rb6 34. Ref4 Qd6 35. Rxd4 Qe7 36. Bh7+ Kf8 37. Bf5 Qe1+ 38. Kh2 Rxd4 39. Rh8+
Ke7 40. Qc7+ Kf6 41. Qxb6+ 1-0

[Event "Liga Madrileña - DH 2017-2018"]
[Site "Madrid ESP"]
[Date "2018.02.04"]
[Round "8.33"]
[White "Fernandez de Bobadilla, Gabriel"]
[Black "Moreno Ruiz, Javier"]
[Result "0-1"]
[WhiteElo "2188"]
[BlackElo "2447"]
[PlyCount "74"]
[EventDate "2017.11.19"]
[EventType "team-tourn"]
[EventRounds "14"]
[EventCountry "ESP"]
[SourceTitle "Ajedrez en Madrid"]
[Source "lmi"]
[SourceDate "2017.11.19"]
[WhiteTeam "La Casa del Ajedrez"]
[BlackTeam "Collado Villalba"]
[WhiteTeamCountry "ESP"]
[BlackTeamCountry "ESP"]

1. d4 Nf6 2. c4 e6 3. Nf3 d5 4. Nc3 Bb4 5. Qb3 c5 6. dxc5 Na6 7. a3 dxc4 8.
Qxc4 Bxc5 9. Bg5 Qb6 10. Qb5+ Bd7 11. Qxb6 Bxb6 12. e3 Nc5 13. Bxf6 gxf6 14. b4
Na4 15. Nxa4 Bxa4 16. Bd3 Rd8 17. Ke2 Ke7 18. Rhc1 Rd7 19. Rc3 Rhd8 20. Rac1 a6
21. Nd2 Bb5 22. Nc4 Bc7 23. g3 f5 24. R1c2 Rd5 25. f4 Bb8 26. Nb2 Be8 27. Bc4
R5d6 28. Rd3 f6 29. Rxd6 Bxd6 30. Bd3 b5 31. Nd1 Bh5+ 32. Kd2 e5 33. Nc3 e4 34.
Be2 Bxb4+ 35. Kc1 Bxa3+ 36. Kb1 Bf7 37. g4 Bb3 0-1

[Event "Liga Madrileña - DH 2017-2018"]
[Site "Madrid ESP"]
[Date "2018.02.04"]
[Round "8.35"]
[White "Collado Barbas, Laura"]
[Black "Ortega Ruiz, Jose Miguel"]
[Result "0-1"]
[WhiteElo "2111"]
[BlackElo "2285"]
[PlyCount "162"]
[EventDate "2017.11.19"]
[EventType "team-tourn"]
[EventRounds "14"]
[EventCountry "ESP"]
[SourceTitle "Ajedrez en Madrid"]
[Source "lmi"]
[SourceDate "2017.11.19"]
[WhiteTeam "La Casa del Ajedrez"]
[BlackTeam "Collado Villalba"]
[WhiteTeamCountry "ESP"]
[BlackTeamCountry "ESP"]

1. d4 Nf6 2. c4 e6 3. Nc3 c5 4. d5 d6 5. e4 g6 6. h3 exd5 7. cxd5 Bg7 8. Nf3
O-O 9. Bd3 a6 10. a4 Re8 11. O-O Nbd7 12. Bf4 c4 13. Bc2 Nc5 14. Re1 Nh5 15.
Be3 Qc7 16. Nd4 Nf6 17. f3 Nfd7 18. f4 Nf6 19. Bf2 Qb6 20. Qf3 Nh5 21. a5 Qc7
22. g4 Nf6 23. Re2 Nfd7 24. g5 b5 25. axb6 Qxb6 26. Ra2 Bb7 27. Rd2 Rac8 28.
Na4 Qc7 29. Nxc5 Nxc5 30. Ra1 Qb6 31. Rb1 Rc7 32. b4 Nd3 33. Bxd3 Bxd4 34. Bc2
Bxf2+ 35. Rxf2 Bc8 36. Qc3 Bd7 37. Kg2 Bb5 38. h4 Rce7 39. h5 Qd8 40. h6 f6 41.
Qxf6 Rf8 42. Qc3 Qd7 43. Qg3 Qa7 44. Qc3 Qd7 45. Kg3 Qa7 46. Re1 Bd7 47. f5 Re5
48. Ree2 Bc8 49. Kg4 Qf7 50. Kh4 Qe7 51. f6 Qd7 52. Qg3 Kf7 53. Re3 Rfe8 54.
Rf4 Qb5 55. Qe1 Bb7 56. Rff3 Qd7 57. Qc3 Bc8 58. Rg3 Qb5 59. Qa3 Bd7 60. Rgf3
Rb8 61. Qa2 Qxb4 62. Re2 Qc5 63. Qa1 Rc8 64. Rfe3 c3 65. Qxa6 Bb5 66. Qb7+ Rc7
67. Qa8 Re8 68. Qa1 Bxe2 69. Rxe2 Ra7 70. Qf1 Re5 71. Qg2 Ra1 72. Qh3 Qc7 73.
Re3 Rg1 74. Rxc3 Qa7 75. Rg3 Rxg3 76. Qxg3 Qa1 77. Qg2 Qe1+ 78. Kh3 Qe3+ 79.
Kh4 Qf4+ 80. Qg4 Qh2+ 81. Qh3 Qf2+ 0-1

[Event "Liga Madrileña - DH 2017-2018"]
[Site "Madrid ESP"]
[Date "2018.02.04"]
[Round "8.36"]
[White "Cao Armillas, Jesus"]
[Black "Yingrui, Lin"]
[Result "0-1"]
[WhiteElo "2079"]
[BlackElo "2142"]
[PlyCount "84"]
[EventDate "2017.11.19"]
[EventType "team-tourn"]
[EventRounds "14"]
[EventCountry "ESP"]
[SourceTitle "Ajedrez en Madrid"]
[Source "lmi"]
[SourceDate "2017.11.19"]
[WhiteTeam "Collado Villalba"]
[BlackTeam "La Casa del Ajedrez"]
[WhiteTeamCountry "ESP"]
[BlackTeamCountry "ESP"]

1. d4 Nf6 2. c4 e6 3. Nc3 Bb4 4. e3 b6 5. Nge2 Bb7 6. a3 Be7 7. Nf4 d5 8. cxd5
exd5 9. Be2 O-O 10. O-O Bd6 11. Nd3 Nbd7 12. Bd2 a6 13. b4 c6 14. a4 Qc7 15. h3
Rae8 16. Rc1 Qb8 17. Qb3 Kh8 18. f4 b5 19. a5 Ng8 20. Ne5 Qd8 21. Bd3 Bxe5 22.
fxe5 f6 23. exf6 Ndxf6 24. Rf3 Nh6 25. Rcf1 Nf7 26. Qc2 Bc8 27. Ne2 Bd7 28. Ng3
Nd6 29. e4 dxe4 30. Nxe4 Ndxe4 31. Bxe4 Bxh3 32. Bc3 Bg4 33. Rf4 Qd6 34. Qf2
Rg8 35. Rxf6 Qxf6 36. Qc2 Qh6 37. Bd2 Qd6 38. Bc3 Qg3 39. Bxh7 Re2 40. Qxe2
Bxe2 41. Be1 Qe3+ 42. Bf2 Qe7 0-1

[Event "Liga Madrileña - DH 2017-2018"]
[Site "Madrid ESP"]
[Date "2018.02.03"]
[Round "8.41"]
[White "Moreno Trujillo, Alejandro"]
[Black "Lianes Garcia, Marcos"]
[Result "1/2-1/2"]
[WhiteElo "2488"]
[BlackElo "2351"]
[PlyCount "131"]
[EventDate "2017.11.19"]
[EventType "team-tourn"]
[EventRounds "14"]
[EventCountry "ESP"]
[SourceTitle "Ajedrez en Madrid"]
[Source "lmi"]
[SourceDate "2017.11.19"]
[WhiteTeam "64 Villalba"]
[BlackTeam "Villaverde"]
[WhiteTeamCountry "ESP"]
[BlackTeamCountry "ESP"]

1. d4 e6 2. Nf3 c5 3. c3 Nf6 4. g3 d5 5. Bg2 b6 6. Nbd2 Bb7 7. O-O Nbd7 8. b3
Bd6 9. Bb2 O-O 10. c4 Qe7 11. e3 Ne4 12. Nxe4 dxe4 13. Ne5 Rfd8 14. Qc2 f5 15.
Nxd7 Rxd7 16. f3 cxd4 17. exd4 e5 18. fxe4 exd4 19. e5 Bxe5 20. Bxb7 Rxb7 21.
Qxf5 Rf8 22. Qg4 Bf6 23. Rae1 Qc5 24. Rf5 Qc8 25. Ref1 Rbf7 26. Qe4 Re8 27. Qd5
Rd8 28. Qf3 Qe6 29. Rf4 Qe3+ 30. Kg2 Qxf3+ 31. R4xf3 Re7 32. Rd3 Re2+ 33. Rf2
Rxf2+ 34. Kxf2 a6 35. a4 b5 36. cxb5 axb5 37. axb5 Rd5 38. b6 Rf5+ 39. Kg2 Rb5
40. Bxd4 Bxd4 41. Rxd4 Rxb3 42. Rd6 Kf7 43. h4 h5 44. Kf2 Ke7 45. Rg6 Kf7 46.
Rc6 Ke7 47. Rc7+ Kf6 48. b7 g6 49. Ke2 Kf5 50. Rg7 Kf6 51. Rd7 Kf5 52. Kf2 Kf6
53. Ke2 Kf5 54. Kd2 Kg4 55. Re7 Rb5 56. Rg7 Kxg3 57. Rxg6+ Kxh4 58. Rg7 Kh3 59.
Ke3 h4 60. Kd4 Kh2 61. Kc4 Rb1 62. Kc5 h3 63. Kc6 Kh1 64. Rg5 Rxb7 65. Kxb7 h2
66. Rg4 1/2-1/2

[Event "Liga Madrileña - DH 2017-2018"]
[Site "Madrid ESP"]
[Date "2018.02.03"]
[Round "8.42"]
[White "Quispe Arteaga, Gabriel"]
[Black "Garrido Dominguez, Jesus"]
[Result "0-1"]
[WhiteElo "2287"]
[BlackElo "2395"]
[PlyCount "104"]
[EventDate "2017.11.19"]
[EventType "team-tourn"]
[EventRounds "14"]
[EventCountry "ESP"]
[SourceTitle "Ajedrez en Madrid"]
[Source "lmi"]
[SourceDate "2017.11.19"]
[WhiteTeam "Villaverde"]
[BlackTeam "64 Villalba"]
[WhiteTeamCountry "ESP"]
[BlackTeamCountry "ESP"]

1. Nf3 Nf6 2. g3 g6 3. Bg2 Bg7 4. O-O O-O 5. d4 c6 6. c4 d6 7. Nc3 Qa5 8. Bd2
Qh5 9. Qb3 h6 10. Ne1 Nbd7 11. f3 Qa5 12. Nd3 e5 13. dxe5 dxe5 14. Ne4 Qc7 15.
Be3 Nxe4 16. fxe4 c5 17. Rad1 b6 18. Nf2 Nb8 19. Bh3 Bxh3 20. Nxh3 Nc6 21. Rd5
Rad8 22. Rfd1 Nd4 23. Bxd4 exd4 24. Rxd8 Qxd8 25. Qf3 Qe7 26. Rf1 Qe6 27. Nf4
Qxc4 28. b3 Qb5 29. e5 Qe8 30. Qd5 Kh8 31. e6 g5 32. Nd3 Qxe6 33. Qxe6 fxe6 34.
Rxf8+ Bxf8 35. Kf2 Bd6 36. Kf3 Kg7 37. h3 Kf6 38. g4 Ke7 39. Ke4 Kd7 40. Ne1
Kc6 41. Nc2 Bf4 42. Ne1 Kb5 43. Kd3 Bg3 44. Nc2 Bf2 45. a3 Kc6 46. Ke4 b5 47.
a4 c4 48. bxc4 bxa4 49. Kd3 Kc5 50. Na1 e5 51. Nc2 e4+ 52. Kxe4 Kxc4 0-1

[Event "Liga Madrileña - DH 2017-2018"]
[Site "Madrid ESP"]
[Date "2018.02.03"]
[Round "8.43"]
[White "Longa Yauca, Javier"]
[Black "Iagar, Razvan Gabriel"]
[Result "0-1"]
[WhiteElo "2211"]
[BlackElo "2185"]
[PlyCount "115"]
[EventDate "2017.11.19"]
[EventType "team-tourn"]
[EventRounds "14"]
[EventCountry "ESP"]
[SourceTitle "Ajedrez en Madrid"]
[Source "lmi"]
[SourceDate "2017.11.19"]
[WhiteTeam "64 Villalba"]
[BlackTeam "Villaverde"]
[WhiteTeamCountry "ESP"]
[BlackTeamCountry "ESP"]

1. c4 Nf6 2. Nc3 e6 3. g3 d5 4. d4 c6 5. Qb3 Nbd7 6. Bg2 dxc4 7. Qxc4 e5 8. Nf3
exd4 9. Qxd4 Bc5 10. Qh4 O-O 11. O-O Re8 12. b3 Nf8 13. Bb2 Ng6 14. Qg5 Bf8 15.
Rad1 Qc7 16. Qc1 Qa5 17. h4 Bg4 18. Qg5 Qc7 19. Rd4 h6 20. Qc1 Qa5 21. e3 Red8
22. Ra4 Qf5 23. e4 Qc8 24. e5 Bxf3 25. exf6 Bxg2 26. Kxg2 Qf5 27. Ne4 b5 28.
fxg7 Bxg7 29. Bxg7 bxa4 30. Qxh6 Qxe4+ 31. Kg1 Qe7 32. Bc3 Ne5 33. Re1 f6 34.
Qh5 Rd5 35. Qf5 Rad8 36. Re4 Qh7 37. Qe6+ Qf7 38. Qf5 axb3 39. axb3 Qh7 40.
Qe6+ Qf7 41. Qf5 Ng6 42. Qxf6 Qxf6 43. Bxf6 Rf8 44. Bg5 Re5 45. Rc4 Re6 46. Be3
Rb8 47. Bxa7 Rxb3 48. Be3 Ne7 49. h5 Nd5 50. Bc5 Kf7 51. Kg2 Rc3 52. Rxc3 Nxc3
53. g4 Ne4 54. Be3 Kf6 55. f3 Ng5 56. Bd4+ Kf7 57. Bb6 Rd6 58. Bd8 0-1